00577 a2200181 4500003000500000005001700005010001700022020002200039035002300061040000900084082001300093245011300106260004400219300003400263650004000297650003100337700002700368Nust20170207152500.0 a 2005924147 a354025093X (hbk.) a(OCoLC)ocm60519844 cNust00a384.309400aE-content :btechnologies and perspectives for the European market /cPeter A. Bruck ... [et al.] (editors). aBerlin ;aNew York :bSpringer,cc2005. axii, 244 p. :bill. ;c25 cm. 0aComputer network resourceszEurope. 0aInternet industryzEurope.1 aBruck, Peter A.d1950-